Statistiques concernant Quiz Voiture: trouvez la marque en fonction de la voiture#12

Cliquez ici pour prendre le quiz!

Statistiques générales

  • Ce quiz a été pris 53 fois
  • Le résultat moyen est 2 sur 16

Statistiques - réponses

Réponse% Correct
Saleen
73%
AC
66%
Jensen Healey
10%
Arash
7%
ARO
7%
Vespa
7%
Bertini
2%
Gilbern
2%
MPM
2%
Agrale
0%
Fulda Mobil
0%
GAC Motors
0%
Kantanka
0%
Oakland
0%
UNIC
0%
Vemac
0%

Distribution des résultats

Percentile par nombre de réponses

% des personnes avec chaque résultat

Votre développement - résultats

Vous n’avez pas pris ce quiz